Rozvoj cestovného ruchu bez podpory štátu je prázdnou bublinou Hovoríme s predsedom SDĽ J. Migašom

Bibliographic Details
Main Authors: Migaš, Jozef, 1954- (Author), Kováč, Juraj, 1945- (Author)
Format: Article
Language:Slovak
PhysicalDescription:1 foto
Subjects:

MARC

LEADER 00000nab a2200000 a 4500
001 vtls001002281
003 SK-MaSNL
005 20260305040648.0
008 040720e19970211xo 0 slo
035 |a RV2881 
040 |a RVGKPD  |b slo  |c RVGKPD  |e AACR2 
041 0 |a slo 
044 |a xo  |c SK 
080 |a 332.1  |2 1981 
080 |a 329.14(437.6)  |2 1981 
100 1 |a Migaš, Jozef,  |d 1954-  |4 aut  |9 155175 
245 1 0 |a Rozvoj cestovného ruchu bez podpory štátu je prázdnou bublinou  |b Hovoríme s predsedom SDĽ J. Migašom 
300 |b 1 foto 
600 1 7 |a Migaš, Jozef,  |d 1954-  |2 RVGKPD  |9 155175 
650 0 7 |a regionálne hospodárstvo  |2 RVGKPD  |9 83369 
651 7 |a Rožňava (Slovensko : okres)  |2 RVGKPD  |9 19215 
651 7 |a Revúca (Slovensko : okres)  |2 RVGKPD  |9 56262 
655 7 |a periodikum  |2 snkbucl  |9 29553 
700 1 0 |a Kováč, Juraj,  |d 1945-  |4 aut  |9 214202 
773 0 8 |t Zora Gemera  |g Roč. 5, č.6, 11.2.1997, s. 1,2 
852 |a ZVYKNI  |b KIS3GCP 
999 |c 3339749  |d 3341679